000 00603nam a2200205Ia 4500
003 GCL
008 140319s9999 xx 000 0 ara d
040 _aGCL /
_cGCL
082 0 4 _a740
_bج ز
100 1 _aجبور سمعان
245 1 0 _aالزخارف والرسوم الافريقية /
_cجبور سمعان
700 1 _aجويل، ريبكا
300 _a130 ص
490 _aالهيئة العامة للاستعلامات
_v0
650 0 4 _aالفنون
650 0 4 _aالزخرفة
650 0 4 _aالفن الزخرفى
650 0 4 _aالتصميم الزخرفى
942 _2ddc
_cBK
999 _c52089
_d52089